| 000 | 00527pam a2200181 a 4500 | ||
|---|---|---|---|
| 020 |
_a1-55581-262-7 _c |
||
| 040 | _aMIZU_796012 | ||
| 041 | _aeng | ||
| 082 |
_a574.29 _bLAM |
||
| 100 | _aLamont, Richard J., ed. | ||
| 245 |
_aOral microbiology and immunology _cedited by Richard J. Lamont ... [ et al. ] _hTextual Documents |
||
| 250 | _a2. | ||
| 260 |
_aWashington: _bASM. _c2006 |
||
| 300 | _axvii, 504 p. | ||
| 365 | _aUSD. 79.95 / Rs. 3733.67 | ||
| 504 | _aIncludes bibliographical references and index | ||
| 930 | _a9295 | ||
| 999 |
_c86200 _d86200 |
||